| 000 | 00392nam a2200145Ia 4500 | ||
|---|---|---|---|
| 005 | 20251222153643.0 | ||
| 008 | 251222s9999||||xx |||||||||||||| ||spa|| | ||
| 020 | _a9786124088360 | ||
| 082 | _a348.54/O96 | ||
| 100 | _aOyarce Yuzzelli, Aarón | ||
| 245 | 0 | _aTemas de Derecho Ambiental | |
| 250 | _a1ra.ed. | ||
| 264 | _bUniversidad San MartÍn de Porres. Facultad de Derecho | ||
| 942 | _cLIB | ||
| 999 |
_c32830 _d32830 |
||